000 00352nam a2200133Ia 4500
008 240624s9999 xx 000 0 und d
041 _aeng
082 _a658.4092 ALL
100 _aALLISON JOHN A
245 _aLEADERSHIP CRISIS AND FREE MARKET CURE
260 _c2015
_aNew Delhi
_bTata McGraw-Hill
300 _a208 : p. : cm. ; 24
365 _cRS
_b33
999 _c26227
_d26227